Tolley's company law handbook 2008 (Record no. 108791)

MARC details
000 -LEADER
fixed length control field 02996cam a22003135a 4500
001 - CONTROL NUMBER
control field L145435
008 - FIXED-LENGTH DATA ELEMENTS--GENERAL INFORMATION
fixed length control field 080207s2008 xxk f f 001 0 eng u
020 ## - INTERNATIONAL STANDARD BOOK NUMBER
International Standard Book Number 9780754535454
035 ## - SYSTEM CONTROL NUMBER
System control number (Sirsi) u145435
041 0# - LANGUAGE CODE
Language code of text/sound track or separate title eng
050 04 - LIBRARY OF CONGRESS CALL NUMBER
Classification number 346.42066 $2 18
100 1# - MAIN ENTRY--PERSONAL NAME
Personal name Wareham, Robert
245 00 - TITLE STATEMENT
Title Tolley's company law handbook 2008
Remainder of title second edition
250 ## - EDITION STATEMENT
Edition statement 16th ed.
260 ## - PUBLICATION, DISTRIBUTION, ETC.
Place of publication, distribution, etc. Croydon
Name of publisher, distributor, etc. LexisNexis Butterworths
Date of publication, distribution, etc. 2008
300 ## - PHYSICAL DESCRIPTION
Extent x, 1440p.
Dimensions 23cm.
505 2# - FORMATTED CONTENTS NOTE
Formatted contents note Accounting reference dates and periods -- Accounts: banking companies; general; insurance companies; large companies; medium-sized companies; limited liability partnerships; small companies; summary financial statements -- Acquisition of own shares -- Allotment of shares -- Annual returns -- Articles of association -- Audit -- Bonus rights -- Class rights -- Community interest companies -- Companies not formed under CA 1985 -- Dealings with third parties -- Debentures and other borrowing -- Definitions -- Directors -- Directors' remuneration reports -- Directors' reports -- Disclosure of interests in public company shares -- Dissolution and striking off -- Distributions -- Dormant companies -- European community legislation
505 2# - FORMATTED CONTENTS NOTE
Formatted contents note Fees -- Formation -- Forms -- Guarantee companies -- Insider dealing and market abuse -- Investigations -- Limited liability partnerships -- Meetings -- Members -- Memorandum of association -- names and business names -- Open-ended investment companies -- Overseas companies -- Partnerships -- Penalties and legal proceedings -- Political donations -- Prospectuses -- Public and listed companies -- Reconstructions and mergers -- Records -- Registered office -- Registers -- Registrar of companies -- Registration and re-registration -- Registration of charges -- Resolutions and meetings -- Rights issues -- Scotland -- Seals -- Secretary -- Share premium -- Shares: certification and transfers -- Shares and share capital -- Takeovers -- Unlimited companies -- Unregistered companies -- Wales -- Table of cases -- Table of statutes -- Table of statutory instruments
520 ## - SUMMARY, ETC.
Summary, etc. Provides details of the requirements for annual accounts and all day to day company administration matters, plus coverage of areas such as accounts and reports, debentures, certification and transfer of share, prohibition of public offers by private companies, company arrangements and reconstructions and mergers and divisions of public companies. Includes the provisions of the companies act 2006 implemented up to 1 October 2008.
521 2# - TARGET AUDIENCE NOTE
Target audience note Advanced
590 ## - LOCAL NOTE (RLIN)
Local note KA
650 24 - SUBJECT ADDED ENTRY--TOPICAL TERM
Topical term or geographic name entry element COMPANIES (AUDIT, INVESTIGATION AND COMMUNITY ENTERPRISE) ACT 2004
650 24 - SUBJECT ADDED ENTRY--TOPICAL TERM
Topical term or geographic name entry element COMPANIES ACT 1985 (INTERNATIONAL ACCOUNTING STANDARDS AND OTHER ACCOUNTING AMENDMENTS) REGULATIONS 2004
650 24 - SUBJECT ADDED ENTRY--TOPICAL TERM
Topical term or geographic name entry element EUROPEAN PUBLIC LIMITED-LIABILITY COMPANY REGULATIONS 2004
650 24 - SUBJECT ADDED ENTRY--TOPICAL TERM
Topical term or geographic name entry element COMPANIES ACT 2006
651 #4 - SUBJECT ADDED ENTRY--GEOGRAPHIC NAME
Geographic name United Kingdom
Chronological subdivision
690 ## - LOCAL SUBJECT ADDED ENTRY--TOPICAL TERM (OCLC, RLIN)
Topical term or geographic name as entry element MANAGEMENT-BUSINESS MANAGEMENT
942 ## - ADDED ENTRY ELEMENTS (KOHA)
Suppress in OPAC 0
Holdings
Withdrawn status Lost status Source of classification or shelving scheme Damaged status Not for loan Home library Current library Shelving location Date acquired Total Checkouts Full call number Barcode Date last seen Copy number Price effective from Koha item type
    Dewey Decimal Classification     London London Books 09/10/2008   346.42066 WAR 3007488 06/08/2019 1 06/08/2019 Book